000 00773nam a22002297a 4500
001 9614
003 FISKH
005 20260126102510.0
008 260126b cb ||||| |||| 00| 0 eng d
020 _a9780008657482
040 _aFISKH
_beng
_cFISKH
_dFISKH
050 _aPZ7.1 .S6555 .R
082 _a813.00
100 _aSmith, Sasha Peyton
245 _aThe rose bargain /
_cSasha Peyton Smith
260 _aLondon :
_bElectric Monkey,
_c2025.
300 _a383 pages :
_c20 cm
520 _a"Ivy Benton must enter into a marriage contest with a fae prince in order to free her sister from a bargain previously made with the vicious fae queen of England"--
650 _aRomantasy
_vDigital Signature
_xFairy Loot Exclusive
942 _2ddc
_cBK
_n0
999 _c9614
_d9614